| 000 | 01063nam0a22003011 4500 | ||
|---|---|---|---|
| 001 | rc\4942780 | ||
| 005 | 20250612211750.0 | ||
| 035 | _a(NLR Aleph) 008853422 | ||
| 090 |
_a8415079 _c8415079 |
||
| 100 | _a20130426d1964 |||y0rusy50 ca | ||
| 101 | 1 |
_arus _ceng |
|
| 102 | _aRU | ||
| 105 | _aa z ||||| | ||
| 200 | 1 |
_aПроблемы проектирования быстродействующих схем сравнения _fГос. ком. по радиоэлектронике СССР |
|
| 210 |
_a[Москва] _cБ. и. _d1964 |
||
| 215 |
_a16 с. _cчерт. _d22 |
||
| 225 | 1 |
_aПеревод _v№ 667 |
|
| 300 | _aОтпеч. множит. аппаратом | ||
| 300 | _aНа обл. авт. не указан | ||
| 300 | _aПер. из: "Electronic design", 1963, т. II, № 18 | ||
| 333 | _aДСП. Экз. № 3 | ||
| 700 | 1 |
_aУэйт _bД.В. _gДжон В. |
|
| 701 | 1 |
_aХэмптон _bР.Л.Т. _gРоберт Л.Т. |
|
| 801 | 0 |
_aRU _bNLR _gpsbo |
|
| 801 | 1 |
_aRU _bELAR _2rusmarc |
|
| 852 |
_aNLR _j64-6/6323 |
||
| 942 | _cBOOK | ||
| 980 | _aNB | ||